Формирование двухчастотных колебаний тока в системах индукционного нагрева; Известия Томского политехнического университета [Известия ТПУ]; Т. 315. № 4: Энергетика
| Parent link: | Известия Томского политехнического университета [Известия ТПУ]/ Томский политехнический университет (ТПУ).— , 2000- Т. 315. № 4: Энергетика.— 2009.— [С. 105-111] |
|---|---|
| Další autoři: | , , , |
| Shrnutí: | Заглавие с титульного листа Электронная версия печатной публикации Исследованы вопросы синтеза двухчастотных колебаний в системах индукционного нагрева. Показано, что рациональным является применение двухчастотного резонансного контура, который позволяет формировать гармоники тока индуктора в резонансном режиме. Определены амплитудно-частотные характеристики системы, с помощью которых можно задавать соотношение гармоник тока параметрами контура. Практическим результатом работы является универсальность и широкая область применения метода гармонического синтеза в индукционном нагреве. |
| Jazyk: | ruština |
| Vydáno: |
2009
|
| Edice: | Энергетика |
| Témata: | |
| On-line přístup: | http://www.lib.tpu.ru/fulltext/v/Bulletin_TPU/2009/v315/i4/23.pdf |
| Médium: | MixedMaterials Elektronický zdroj Kapitola |
| KOHA link: | https://koha.lib.tpu.ru/cgi-bin/koha/opac-detail.pl?biblionumber=177308 |
MARC
| LEADER | 00000nla2a2200000 4500 | ||
|---|---|---|---|
| 001 | 177308 | ||
| 005 | 20231031165610.0 | ||
| 035 | |a (RuTPU)RU\TPU\book\192215 | ||
| 035 | |a RU\TPU\book\192214 | ||
| 090 | |a 177308 | ||
| 100 | |a 20100315d2009 k y0rusy50 ca | ||
| 101 | 0 | |a rus | |
| 102 | |a RU | ||
| 135 | |a drnn ---uucaa | ||
| 181 | 0 | |a i | |
| 182 | 0 | |a b | |
| 200 | 1 | |a Формирование двухчастотных колебаний тока в системах индукционного нагрева |b Электронный ресурс |f С. К. Земан [и др.] | |
| 203 | |a Текст |c электронный | ||
| 215 | |a 1 файл (522 Кб) | ||
| 225 | 1 | |a Энергетика | |
| 230 | |a Электронные текстовые данные (1 файл : 522 Кб) | ||
| 300 | |a Заглавие с титульного листа | ||
| 300 | |a Электронная версия печатной публикации | ||
| 320 | |a [Библиогр.: с. 111 (5 назв.)] | ||
| 330 | |a Исследованы вопросы синтеза двухчастотных колебаний в системах индукционного нагрева. Показано, что рациональным является применение двухчастотного резонансного контура, который позволяет формировать гармоники тока индуктора в резонансном режиме. Определены амплитудно-частотные характеристики системы, с помощью которых можно задавать соотношение гармоник тока параметрами контура. Практическим результатом работы является универсальность и широкая область применения метода гармонического синтеза в индукционном нагреве. | ||
| 337 | |a Adobe Reader | ||
| 461 | 1 | |0 (RuTPU)RU\TPU\book\176237 |t Известия Томского политехнического университета [Известия ТПУ] |f Томский политехнический университет (ТПУ) |d 2000- | |
| 463 | 1 | |0 (RuTPU)RU\TPU\book\191878 |t Т. 315. № 4: Энергетика |v [С. 105-111] |d 2009 |p 179 с. | |
| 610 | 1 | |a индукционный нагрев | |
| 610 | 1 | |a двухчастотные резонансные контуры | |
| 610 | 1 | |a ток | |
| 610 | 1 | |a гармоники | |
| 610 | 1 | |a амплитудно-частотные характеристики | |
| 610 | 1 | |a парциальные частоты | |
| 610 | 1 | |a труды учёных ТПУ | |
| 610 | 1 | |a электронный ресурс | |
| 701 | 1 | |a Земан |b С. К. | |
| 701 | 1 | |a Казанцев |b Ю. М. |c российский ученый, специалист в области автоматизированного проектирования электронных устройств |c профессор Томского политехнического университета, доктор технических наук |f 1946- |g Юрий Михайлович |2 stltpush |3 (RuTPU)RU\TPU\pers\25671 | |
| 701 | 1 | |a Осипов |b А. В. | |
| 701 | 1 | |a Юшков |b А. В. | |
| 801 | 1 | |a RU |b 63413507 |c 20090623 |g PSBO | |
| 801 | 2 | |a RU |b 63413507 |c 20211216 |g PSBO | |
| 856 | 4 | |u http://www.lib.tpu.ru/fulltext/v/Bulletin_TPU/2009/v315/i4/23.pdf | |
| 942 | |c CF | ||